| 000 | 01043nam2a22002411 4500 | ||
|---|---|---|---|
| 001 | rc\31471 | ||
| 005 | 20250620192825.0 | ||
| 010 | _a5-85255-745-5 | ||
| 035 | _a(NLR Aleph) 005384662 | ||
| 090 |
_a7135155 _c7135155 |
||
| 100 | _a20021216d1996 |||y0rusy50 ca | ||
| 101 | 0 | _arus | |
| 102 | _aRU | ||
| 105 | _aa ||||||||| | ||
| 200 | 0 |
_aКн. 1 _eГлавы 1-16 |
|
| 215 |
_a535, [1] с. _cцв. ил. |
||
| 461 | 0 |
_1001rc\31470 _12001#$aИзбранное. Сандро из Чегема$eРоман$e[В 2 кн.]$fФазиль Искандер$g[Ил. Р. Жимбиевой]$vКн. 1 _1700#1$aИскандер$bФ. А.$gФазиль Абдулович$f1929-2016$3RU\NLR\AUTH\7713073 _97135148 _aИскандер, Ф. (1929-) _cМ. _d1996 _fФазиль Искандер _nИзд. центр "Терра" _oРоман : [В 2 кн.] _tИзбранное. Сандро из Чегема _y55852557463 _vКн. 1 |
|
| 801 | 0 |
_aRU _bNLR _gpsbo |
|
| 801 | 1 |
_aRU _bELAR _2rusmarc |
|
| 852 |
_aNLR _j96-5/1372 |
||
| 942 | _cBOOK | ||
| 980 | _aNB | ||